000 01320nam a22002655i 4500
001 11909
003 ES-MaACL
005 20230906150211.0
007 t|
008 930928s1993 sp ||||0| spa j
040 _aM-BN
_bspa
_cM-BN
080 _a504.056(460.41)
080 _a32(460.41):504
080 _a504:32(460.41)
245 0 3 _aEl futuro de las ciudades canarias en el contexto del libro verde sobre medio ambiente urbano de la Comisión de las Comunidades Europeas /
_ccoordinador, Angel Francisco Rodríguez Barreda.
260 _a[La Laguna] :
_bAmigos de la Tierra de Canarias,
_cD.L. 1993.
300 _a206 p :
_bil ;
_c23 cm.
500 _aPonencias presentadas a las Jornadas sobre "El Futuro de las Ciudades Canarias en el Contexto del Libro Verde sobre Medio Ambiente Urbano de la Comisión de las Comunidades Europeas"
650 4 _aMedio ambiente-
_xDegradación-
_zCanarias.
_914953
651 4 _aCanarias-
_xPolítica ambiental.
_97957
700 1 _aRodríguez Barreda, Angel Francisco.
_998371
710 2 _aAmigos de la Tierra de Canarias.
_91383
711 2 _aJornadas sobre "El Futuro de las Ciudades Canarias en el contexto del Libro Verde sobre Medio Ambiente Urbano de la Comisión de las Comunidades Europeas" (
_d1992.
_cLa Laguna)
_9861
852 _aES-MaACL
_jL-19147
_bR.122460
999 _c11909
_d11909